[Event "Oberliga Wuerttemberg 2122"]
[Site "Wuerttemberg"]
[Date "2022.05.15"]
[Round "9.5"]
[White "Roth, Juergen Eugen"]
[Black "Gustain, Marc"]
[Result "0-1"]
[WhiteElo "2164"]
[BlackElo "2187"]
[PlyCount "142"]
[EventDate "2021.09.19"]
[EventType "team-tourn"]
[EventRounds "9"]
[EventCountry "GER"]
[SourceTitle "EXT 2024"]
[Source "ChessBase"]
[SourceDate "2023.10.10"]
[SourceVersion "1"]
[SourceVersionDate "2023.10.10"]
[SourceQuality "1"]
[WhiteTeam "Bebenhausen"]
[BlackTeam "Deizisau II"]
[WhiteTeamCountry "GER"]
[BlackTeamCountry "GER"]

1. Nf3 d5 2. g3 Nc6 3. d4 Bf5 4. Bg2 Nb4 5. Na3 e6 6. c3 Nc6 7. Qa4 Bd6 8. Nb5 Nf6 9. 0-0 0-0 10. Nh4 Bg6 11. Nxg6 hxg6 12. Nxd6 cxd6 13. Bg5 Qa5 14. Qxa5 Nxa5 15. f3 Nc4 16. b3 Nb6 17. e4 Rfc8 18. Rac1 Rc7 19. Bd2 Rac8 20. Rfe1 Nbd7 21. Bf1 a6 22. c4 dxc4 23. Bxc4 Nb8 24. Bf4 Rd8 25. Bd3 Nc6 26. Be3 Rdc8 27. Kf2 d5 28. Bf4 Re7 29. Bd6 Rd7 30. e5 Rdd8 31. Bc5 Nd7 32. Ke3 Ncxe5 33. dxe5 Nxc5 34. Bb1 Nd7 35. f4 Kf8 36. h4 Ke7 37. Rh1 Nb6 38. Kd4 Nd7 39. Rcd1 Rh8 40. Rc1 Nb8 41. Rhd1 Kd7 42. Ke3 Nc6 43. Rh1 Ne7 44. Kd4 Nf5+ 45. Bxf5 gxf5 46. Rxc8 Rxc8 47. Kd3 b6 48. h5 Rh8 49. Kd4 Rh6 50. Ke3 g6 51. hxg6 Rxg6 52. Kf3 Rg8 53. Rh7 Ke7 54. Rh2 Rc8 55. Rd2 Rc3+ 56. Kg2 Kd7 57. Kh3 Kc6 58. Kh4 Kc5 59. Kg5 d4 60. Kf6 Kd5 61. Kxf7 Rxg3 62. Rh2 Rc3 63. Rh8 Rc7+ 64. Kf6 Rd7 65. Rh3 b5 66. b4 Rd8 67. Ra3 Ke4 68. Kxe6 d3 69. Ke7 Ra8 70. Rb3 d2 71. Rb1 Kxf4 0-1

[Event "Oberliga Wuerttemberg 1920"]
[Site "Wuerttemberg"]
[Date "2020.03.01"]
[Round "8.7"]
[White "Brenner, Markus"]
[Black "Roth, Juergen Eugen"]
[Result "1/2-1/2"]
[WhiteElo "2030"]
[BlackElo "2115"]
[PlyCount "29"]
[EventDate "2019.09.15"]
[EventType "team-tourn"]
[EventRounds "9"]
[EventCountry "GER"]
[SourceTitle "EXT 2021"]
[Source "ChessBase"]
[SourceDate "2020.10.23"]
[SourceVersion "1"]
[SourceVersionDate "2020.10.23"]
[SourceQuality "1"]
[WhiteTeam "Deizisau"]
[BlackTeam "Bebenhausen"]
[WhiteTeamCountry "GER"]
[BlackTeamCountry "GER"]

1. e4 g6 2. d4 Bg7 3. Nc3 c6 4. f4 d5 5. e5 Nh6 6. Nf3 Bg4 7. h3 Bxf3 8. Qxf3 Nf5 9. Be3 h5 10. Bf2 h4 11. Bd3 e6 12. 0-0 Bf8 13. Ne2 Qb6 14. b3 Na6 15. c4 1/2-1/2

[Event "Oberliga Wuerttemberg 1920"]
[Site "Wuerttemberg"]
[Date "2020.01.19"]
[Round "6.7"]
[White "Roth, Juergen Eugen"]
[Black "Hoenick, Andreas"]
[Result "1-0"]
[WhiteElo "2115"]
[BlackElo "2102"]
[PlyCount "141"]
[EventDate "2019.09.15"]
[EventType "team-tourn"]
[EventRounds "9"]
[EventCountry "GER"]
[SourceTitle "EXT 2021"]
[Source "ChessBase"]
[SourceDate "2020.10.23"]
[SourceVersion "1"]
[SourceVersionDate "2020.10.23"]
[SourceQuality "1"]
[WhiteTeam "Bebenhausen"]
[BlackTeam "Schwaebisch Gmuend"]
[WhiteTeamCountry "GER"]
[BlackTeamCountry "GER"]

1. Nf3 d5 2. d4 Nf6 3. Bg5 e6 4. Nbd2 Be7 5. e3 h6 6. Bh4 0-0 7. Bd3 b6 8. 0-0 Bb7 9. Ne5 Nbd7 10. Nxd7 Nxd7 11. Bxe7 Qxe7 12. c3 e5 13. dxe5 Nxe5 14. Be2 Rad8 15. Qa4 a5 16. Nf3 c5 17. Nxe5 Qxe5 18. Bf3 Rd6 19. Rfd1 Bc6 20. Qb3 b5 21. Qa3 c4 22. Qxa5 Rf6 23. Qb6 Qg5 24. Kh1 Rxf3 25. gxf3 Qf6 26. Rd4 Qxf3+ 27. Kg1 Qf6 28. Qc7 Re8 29. Qf4 Qg6+ 30. Kh1 Qc2 31. Rg1 Re6 32. Qb8+ Kh7 33. Qf8 Rg6 34. Qxf7 Rxg1+ 35. Kxg1 b4 36. cxb4 c3 37. bxc3 Bb5 38. h4 Bd3 39. Rxd3 Qxd3 40. h5 Qxc3 41. Qf5+ Kg8 42. Qxd5+ Kh8 43. b5 Qb4 44. e4 Qe1+ 45. Kg2 Qe2 46. Kg3 Qb2 47. e5 Qc3+ 48. Kg2 Qb4 49. f3 Qb2+ 50. Kg3 Qc1 51. e6 Qg1+ 52. Kf4 Qh2+ 53. Ke3 Qg1+ 54. Ke4 Qe1+ 55. Kd4 Qf2+ 56. Kc3 Qe1+ 57. Kc4 Qc1+ 58. Kb4 Qe1+ 59. Kc5 Qa5 60. Kd6 Qd8+ 61. Kc5 Qa5 62. Qe4 Qc7+ 63. Kb4 Qe7+ 64. Kb3 Qc5 65. a4 Qxh5 66. e7 Qe8 67. Qd5 Qxe7 68. Qa8+ Kh7 69. Qe4+ Qxe4 70. fxe4 h5 71. b6 1-0

[Event "Oberliga Wuerttemberg 1920"]
[Site "Wuerttemberg"]
[Date "2019.12.01"]
[Round "4.8"]
[White "Roth, Juergen Eugen"]
[Black "Steinhart, Christoph"]
[Result "1-0"]
[WhiteElo "2115"]
[BlackElo "1985"]
[PlyCount "69"]
[EventDate "2019.09.15"]
[EventType "team-tourn"]
[EventRounds "9"]
[EventCountry "GER"]
[SourceTitle "EXT 2021"]
[Source "ChessBase"]
[SourceDate "2020.10.23"]
[SourceVersion "1"]
[SourceVersionDate "2020.10.23"]
[SourceQuality "1"]
[WhiteTeam "Bebenhausen"]
[BlackTeam "Schoenaich II"]
[WhiteTeamCountry "GER"]
[BlackTeamCountry "GER"]

1. d4 Nf6 2. Nf3 e6 3. Bg5 c5 4. c3 d5 5. e3 Nbd7 6. Nbd2 Be7 7. Bd3 0-0 8. 0-0 b6 9. Ne5 Bb7 10. Qf3 Nxe5 11. dxe5 Nd7 12. Qh3 g6 13. Bxe7 Qxe7 14. f4 f6 15. exf6 Rxf6 16. Bb5 Raf8 17. Bxd7 Qxd7 18. Nf3 d4 19. Ne5 Qb5 20. cxd4 cxd4 21. Rac1 Ba6 22. Ng4 Qxb2 23. Nxf6+ Rxf6 24. Rb1 Qd2 25. Rfe1 d3 26. Qf3 Qxa2 27. Ra1 Qc4 28. Rec1 Qb5 29. Qa8+ Rf8 30. Qxa7 Bc8 31. Rc7 Qb2 32. Rd1 Qf6 33. Rxd3 e5 34. Rd6 Qh8 35. Qa2+ 1-0

[Event "Oberliga Wuerttemberg 1920"]
[Site "Wuerttemberg"]
[Date "2019.11.10"]
[Round "3.7"]
[White "Roth, Juergen Eugen"]
[Black "Bauer, Peter"]
[Result "1/2-1/2"]
[WhiteElo "2115"]
[BlackElo "2124"]
[PlyCount "120"]
[EventDate "2019.09.15"]
[EventType "team-tourn"]
[EventRounds "9"]
[EventCountry "GER"]
[SourceTitle "EXT 2021"]
[Source "ChessBase"]
[SourceDate "2020.10.23"]
[SourceVersion "1"]
[SourceVersionDate "2020.10.23"]
[SourceQuality "1"]
[WhiteTeam "Bebenhausen"]
[BlackTeam "Boeblingen"]
[WhiteTeamCountry "GER"]
[BlackTeamCountry "GER"]

1. d4 Nf6 2. Nf3 e6 3. Bg5 Be7 4. e3 d5 5. Bd3 c5 6. c3 Qb6 7. Qc1 Nc6 8. Nbd2 Bd7 9. 0-0 Rc8 10. dxc5 Bxc5 11. Bxf6 gxf6 12. e4 Ne7 13. exd5 Nxd5 14. Ne4 Bf8 15. Qd2 f5 16. Ng3 Nf6 17. Ne5 Rg8 18. Nxd7 Nxd7 19. Rfe1 Kd8 20. Rad1 Rc7 21. Qe2 Bd6 22. Bb5 Bxg3 23. hxg3 Kc8 24. Bxd7+ Rxd7 25. Rxd7 Kxd7 26. Qh5 Rf8 27. Rd1+ Kc8 28. Rd2 Qc7 29. Qh6 Re8 30. Qf6 b6 31. Rd4 b5 32. Rh4 Rd8 33. Rxh7 Rd5 34. Kh2 Rd7 35. Qh4 Kb7 36. Qb4 a6 37. a4 Qc4 38. axb5 Qxb4 39. bxa6+ Kxa6 40. cxb4 Kb5 41. Rh4 Rd2 42. f3 Rxb2 43. Rh7 Rxb4 44. Rxf7 Kc6 45. Kh3 Kd6 46. Rg7 e5 47. g4 e4 48. gxf5 exf3 49. gxf3 Rf4 50. Kg3 Rxf5 51. Kg4 Rb5 52. Rg5 Rb1 53. Kf5 Ke7 54. Kg6 Kf8 55. Rf5+ Kg8 56. f4 Rb6+ 57. Rf6 Rb4 58. Kg5 Kg7 59. Ra6 Rb1 60. Ra7+ Kf8 1/2-1/2

[Event "Oberliga Wuerttemberg 1819"]
[Site "Wuerttemberg"]
[Date "2018.12.02"]
[Round "4"]
[White "Roth, Juergen Eugen"]
[Black "Kasueschke, Lars"]
[Result "1-0"]
[WhiteElo "2228"]
[BlackElo "1974"]
[PlyCount "53"]
[EventDate "2018.09.23"]
[EventType "team-tourn"]
[EventRounds "9"]
[EventCountry "GER"]
[SourceTitle "EXT 2020"]
[Source "ChessBase"]
[SourceDate "2019.10.17"]
[SourceVersion "1"]
[SourceVersionDate "2019.10.17"]
[SourceQuality "1"]
[WhiteTeam "Bebenhausen"]
[BlackTeam "Schwaebisch Gmuend"]
[WhiteTeamCountry "GER"]
[BlackTeamCountry "GER"]

1. Nf3 c5 2. e3 Nf6 3. b3 Nc6 4. Bb2 e6 5. d4 d5 6. Nbd2 Bd6 7. Bd3 a6 8. 0-0 0-0 9. a3 b5 10. Ne5 Bxe5 11. dxe5 Nd7 12. f4 c4 13. Be2 Qb6 14. Rf3 Bb7 15. Nf1 Rfd8 16. Bd4 Nxd4 17. exd4 cxb3 18. c3 Rdc8 19. Rb1 Qa5 20. Rxb3 Rc7 21. Bd3 Rac8 22. Qe1 Qa4 23. Bc2 a5 24. Qb1 Nf8 25. Rxb5 Qxa3 26. Rxb7 Rxc3 27. Rb3 1-0

[Event "Oberliga Wuerttemberg 1718"]
[Site "Wuerttemberg"]
[Date "2018.01.21"]
[Round "6"]
[White "Engelhart, Achim"]
[Black "Roth, Juergen Eugen"]
[Result "1-0"]
[WhiteElo "2137"]
[BlackElo "2219"]
[PlyCount "73"]
[EventDate "2017.09.17"]
[EventType "team-tourn"]
[EventRounds "9"]
[EventCountry "GER"]
[SourceTitle "EXT 2019"]
[Source "ChessBase"]
[SourceDate "2018.10.10"]
[SourceVersion "1"]
[SourceVersionDate "2018.10.10"]
[SourceQuality "1"]
[WhiteTeam "Jedesheim"]
[BlackTeam "Bebenhausen"]
[WhiteTeamCountry "GER"]
[BlackTeamCountry "GER"]

1. e4 c5 2. Nf3 Nc6 3. d4 cxd4 4. Nxd4 e5 5. Nb5 d6 6. c4 Nf6 7. N1c3 a6 8. Na3 Be7 9. Nc2 0-0 10. Be2 Be6 11. 0-0 Rc8 12. b3 Ne8 13. Bb2 g6 14. Nd5 f5 15. exf5 gxf5 16. f4 Nf6 17. Nce3 Ne4 18. Bd3 Qe8 19. Bxe4 fxe4 20. f5 Bd7 21. Qg4+ Kh8 22. Qxe4 Bg5 23. Rad1 Ne7 24. Kh1 Nxd5 25. Nxd5 Bc6 26. h3 b5 27. cxb5 axb5 28. Qb4 Bxd5 29. Rxd5 Rc2 30. Ba1 Be7 31. a3 Rg8 32. Rd2 Qc6 33. Rg1 Rg3 34. Kh2 Rxd2 35. Kxg3 Re2 36. Kh2 Bg5 37. Qg4 1-0

[Event "Oberliga Wuerttemberg 1617"]
[Site "Wuerttemberg"]
[Date "2016.11.13"]
[Round "4.7"]
[White "Roth, Juergen Eugen"]
[Black "Menschner, Juergen"]
[Result "1/2-1/2"]
[WhiteElo "2225"]
[BlackElo "2131"]
[PlyCount "116"]
[EventDate "2016.09.25"]
[EventType "team-tourn"]
[EventRounds "11"]
[EventCountry "GER"]
[SourceTitle "EXT 2019"]
[Source "ChessBase"]
[SourceDate "2018.10.10"]
[SourceVersion "1"]
[SourceVersionDate "2018.10.10"]
[SourceQuality "1"]
[WhiteTeam "Bebenhausen"]
[BlackTeam "Heilbronn"]
[WhiteTeamCountry "GER"]
[BlackTeamCountry "GER"]

1. f4 Nf6 2. Nf3 g6 3. g3 Bg7 4. Bg2 0-0 5. 0-0 d5 6. d3 b6 7. Nc3 Bb7 8. Ne5 e6 9. e4 Nbd7 10. Nxd7 Qxd7 11. e5 Ne8 12. Qe2 c5 13. Bd2 Nc7 14. Nd1 Rae8 15. Nf2 f6 16. Ng4 f5 17. Ne3 Nb5 18. c3 Rb8 19. a4 Nc7 20. b4 Rfd8 21. d4 Bf8 22. h3 Bc6 23. b5 Bb7 24. Nc2 a6 25. Rfb1 axb5 26. axb5 c4 27. g4 Ra8 28. gxf5 gxf5 29. Kh2 Rxa1 30. Rxa1 Ra8 31. Rg1 Kh8 32. Bf3 Bh6 33. Qg2 Qf7 34. Nb4 Nxb5 35. Qg3 Qe7 36. Bd1 Nc7 37. Be1 Na6 38. Nxa6 Bxa6 39. Kh1 Bb5 40. Qf3 Be8 41. h4 Bf7 42. Rg2 Ra1 43. Rb2 Qa7 44. h5 Be8 45. Rg2 Qe7 46. Kh2 Ba4 47. Qg3 Qf7 48. Bxa4 Rxa4 49. Qf3 Bf8 50. h6 Be7 51. Rg7 Qf8 52. Qh5 Ra8 53. Rf7 Qe8 54. Kh3 b5 55. Bg3 Rc8 56. Be1 Ra8 57. Kh2 Rc8 58. Kh3 Ra8 1/2-1/2

[Event "Oberliga Wuerttemberg 1011"]
[Site "Wuerttemberg"]
[Date "2011.02.13"]
[Round "6"]
[White "Roth, Juergen Eugen"]
[Black "Weidemann, Joerg"]
[Result "1/2-1/2"]
[WhiteElo "2276"]
[BlackElo "2318"]
[PlyCount "97"]
[EventDate "2010.09.26"]
[EventType "team-tourn"]
[EventRounds "9"]
[EventCountry "GER"]
[SourceTitle "EXT 2019"]
[Source "ChessBase"]
[SourceDate "2018.10.10"]
[SourceVersion "1"]
[SourceVersionDate "2018.10.10"]
[SourceQuality "1"]
[WhiteTeam "Tuebingen"]
[BlackTeam "Bebenhausen"]
[WhiteTeamCountry "GER"]
[BlackTeamCountry "GER"]

1. d4 e6 2. Nf3 c5 3. c3 Nf6 4. e3 b6 5. Bd3 Bb7 6. Nbd2 Be7 7. 0-0 Nc6 8. Re1 d5 9. Ne5 Nxe5 10. dxe5 Nd7 11. f4 Qc7 12. e4 c4 13. Bc2 Qc5+ 14. Kh1 d4 15. cxd4 Qxd4 16. Qe2 b5 17. Nf3 Qb6 18. Bd2 Nc5 19. b3 cxb3 20. axb3 b4 21. f5 a5 22. f6 gxf6 23. exf6 Bxf6 24. e5 Be7 25. Ng5 0-0-0 26. Nxf7 Rhg8 27. Nxd8 Bxg2+ 28. Qxg2 Rxg2 29. Kxg2 Qxd8 30. Be3 Qd5+ 31. Kg1 a4 32. bxa4 b3 33. Rad1 Qxe5 34. Bb1 Nxa4 35. Rc1+ Kb7 36. Bf2 Qg5+ 37. Kh1 Bc5 38. Bg3 h5 39. Rc4 Nb2 40. Rc3 h4 41. Re5 Qf6 42. Be4+ Ka6 43. Rf3 Qe7 44. Bd5 Qg7 45. Rxe6+ Kb5 46. Rxb3+ Bb4 47. Be1 Kc5 48. Bxb4+ Kxd5 49. Rbe3 1/2-1/2

[Event "Oberliga Wuerttemberg 1011"]
[Site "Wuerttemberg"]
[Date "2010.11.28"]
[Round "4"]
[White "Roth, Juergen Eugen"]
[Black "Mack, Wolfgang"]
[Result "1/2-1/2"]
[WhiteElo "2276"]
[BlackElo "2256"]
[PlyCount "36"]
[EventDate "2010.09.26"]
[EventType "team-tourn"]
[EventRounds "9"]
[EventCountry "GER"]
[SourceTitle "EXT 2019"]
[Source "ChessBase"]
[SourceDate "2018.10.10"]
[SourceVersion "1"]
[SourceVersionDate "2018.10.10"]
[SourceQuality "1"]
[WhiteTeam "Tuebingen"]
[BlackTeam "Biberach"]
[WhiteTeamCountry "GER"]
[BlackTeamCountry "GER"]

1. d4 g6 2. e4 Bg7 3. Nc3 d6 4. Be3 a6 5. f4 b5 6. Bd3 Bb7 7. Nf3 Nf6 8. a3 Nbd7 9. e5 Nd5 10. Nxd5 Bxd5 11. 0-0 0-0 12. c3 c5 13. exd6 c4 14. Bc2 exd6 15. f5 Nf6 16. fxg6 fxg6 17. Ng5 Qe7 18. Qd2 Rae8 1/2-1/2

[Event "Oberliga Wuerttemberg 1011"]
[Site "Wuerttemberg"]
[Date "2010.09.26"]
[Round "1"]
[White "Zeller, Frank"]
[Black "Roth, Juergen Eugen"]
[Result "1-0"]
[WhiteElo "2443"]
[BlackElo "2276"]
[PlyCount "61"]
[EventDate "2010.09.26"]
[EventType "team-tourn"]
[EventRounds "9"]
[EventCountry "GER"]
[SourceTitle "EXT 2019"]
[Source "ChessBase"]
[SourceDate "2018.10.10"]
[SourceVersion "1"]
[SourceVersionDate "2018.10.10"]
[SourceQuality "1"]
[WhiteTeam "Schwaebisch Gmuend"]
[BlackTeam "Tuebingen"]
[WhiteTeamCountry "GER"]
[BlackTeamCountry "GER"]

1. e4 g6 2. d4 Bg7 3. Nc3 d6 4. f4 c6 5. Nf3 b5 6. Bd3 Bg4 7. Be3 Qb6 8. a4 Bxf3 9. gxf3 b4 10. a5 Qc7 11. Ne2 Nd7 12. Qd2 Rb8 13. f5 gxf5 14. Ng3 fxe4 15. fxe4 c5 16. c3 bxc3 17. bxc3 cxd4 18. cxd4 Ngf6 19. Rc1 Qb7 20. a6 Qb6 21. Nf5 Bf8 22. d5 Nc5 23. 0-0 Nfd7 24. Rb1 Qd8 25. Bb5 Rg8+ 26. Kh1 Rxb5 27. Rxb5 Nxe4 28. Qc2 Nec5 29. Bxc5 dxc5 30. Qf2 Qc7 31. Nxe7 1-0

[Event "Oberliga Wuerttemberg 0910"]
[Site "Wuerttemberg"]
[Date "2009.12.20"]
[Round "4.2"]
[White "Dietrich, Frank"]
[Black "Roth, Juergen Eugen"]
[Result "1/2-1/2"]
[WhiteElo "2170"]
[BlackElo "2232"]
[PlyCount "75"]
[EventDate "2009.10.11"]
[EventType "team-tourn"]
[EventRounds "9"]
[EventCountry "GER"]
[SourceTitle "EXT 2019"]
[Source "ChessBase"]
[SourceDate "2018.10.10"]
[SourceVersion "1"]
[SourceVersionDate "2018.10.10"]
[SourceQuality "1"]
[WhiteTeam "Stuttgart Wolfbusch"]
[BlackTeam "Tuebingen"]
[WhiteTeamCountry "GER"]
[BlackTeamCountry "GER"]

1. e4 g6 2. d4 Bg7 3. Nc3 c6 4. Be3 d5 5. Qd2 dxe4 6. Nxe4 Nd7 7. Bc4 Nb6 8. Bb3 a5 9. a3 a4 10. Ba2 Nd5 11. Ne2 Nxe3 12. fxe3 Nf6 13. Nxf6+ Bxf6 14. 0-0 0-0 15. c3 c5 16. d5 b5 17. Rad1 Qd6 18. Ng3 Be5 19. Qe1 f5 20. Kh1 Kh8 21. Ne4 Qb6 22. Qh4 Bf6 23. Ng5 Bxg5 24. Qxg5 Qf6 25. Qg3 Ra6 26. e4 f4 27. Qf2 c4 28. Qd4 Qxd4 29. Rxd4 e5 30. Rd2 Rd6 31. Bb1 g5 32. Bc2 Kg7 33. Bd1 Rff6 34. h3 Rh6 35. Kg1 Rh4 36. Kf2 h5 37. Rg1 Kf6 38. Be2 1/2-1/2

[Event "Oberliga Wuerttemberg 0910"]
[Site "Wuerttemberg"]
[Date "2009.10.11"]
[Round "1.1"]
[White "Roth, Juergen Eugen"]
[Black "Hirneise, Jens"]
[Result "0-1"]
[WhiteElo "2232"]
[BlackElo "2240"]
[PlyCount "60"]
[EventDate "2009.10.11"]
[EventType "team-tourn"]
[EventRounds "9"]
[EventCountry "GER"]
[SourceTitle "EXT 2019"]
[Source "ChessBase"]
[SourceDate "2018.10.10"]
[SourceVersion "1"]
[SourceVersionDate "2018.10.10"]
[SourceQuality "1"]
[WhiteTeam "Tuebingen"]
[BlackTeam "Rommelshausen"]
[WhiteTeamCountry "GER"]
[BlackTeamCountry "GER"]

1. d4 Nf6 2. Nf3 g6 3. Bg5 Bg7 4. Nbd2 c5 5. e3 cxd4 6. exd4 0-0 7. Bd3 d6 8. 0-0 Qc7 9. Re1 Re8 10. c3 Nbd7 11. Qc2 e5 12. Be2 Nh5 13. Nf1 f5 14. dxe5 dxe5 15. Bb5 a6 16. Ba4 Kh8 17. Rad1 b5 18. Bb3 Bb7 19. Nh4 Nc5 20. Bd5 Bxd5 21. Rxd5 Bf6 22. Bxf6+ Nxf6 23. Rdd1 e4 24. c4 b4 25. a3 a5 26. Ra1 Nd3 27. f3 Qc5+ 28. Kh1 g5 29. Nxf5 Qxf5 30. fxe4 Nxe4 0-1

[Event "Oberliga Wuerttemberg 0809"]
[Site "Wuerttemberg"]
[Date "2009.01.18"]
[Round "5.2"]
[White "Schnepp, Gunnar"]
[Black "Roth, Juergen Eugen"]
[Result "1/2-1/2"]
[WhiteElo "2245"]
[BlackElo "2258"]
[PlyCount "37"]
[EventDate "2008.10.12"]
[EventType "team-tourn"]
[EventRounds "9"]
[EventCountry "GER"]
[SourceTitle "EXT 2019"]
[Source "ChessBase"]
[SourceDate "2018.10.10"]
[SourceVersion "1"]
[SourceVersionDate "2018.10.10"]
[SourceQuality "1"]
[WhiteTeam "Schmiden/Cannstatt"]
[BlackTeam "Tuebingen"]
[WhiteTeamCountry "GER"]
[BlackTeamCountry "GER"]

1. d4 d6 2. Nf3 g6 3. e4 Bg7 4. h3 c6 5. Bd3 e5 6. c3 Nd7 7. 0-0 Ngf6 8. b3 0-0 9. Ba3 c5 10. Nbd2 Qc7 11. Bb2 d5 12. Re1 dxe4 13. Nxe4 Nxe4 14. Bxe4 exd4 15. cxd4 Nf6 16. dxc5 Qxc5 17. Rc1 Qh5 18. Bxf6 Bxf6 19. Qd6 1/2-1/2

[Event "Oberliga Wuerttemberg 0809"]
[Site "Wuerttemberg"]
[Date "2008.10.26"]
[Round "2.2"]
[White "Roth, Juergen Eugen"]
[Black "Wittmann, Ralf"]
[Result "1-0"]
[WhiteElo "2258"]
[BlackElo "2088"]
[PlyCount "55"]
[EventDate "2008.10.12"]
[EventType "team-tourn"]
[EventRounds "9"]
[EventCountry "GER"]
[SourceTitle "EXT 2019"]
[Source "ChessBase"]
[SourceDate "2018.10.10"]
[SourceVersion "1"]
[SourceVersionDate "2018.10.10"]
[SourceQuality "1"]
[WhiteTeam "Tuebingen"]
[BlackTeam "Stuttgart SF II"]
[WhiteTeamCountry "GER"]
[BlackTeamCountry "GER"]

1. d4 d5 2. Nf3 Nf6 3. e3 Bf5 4. Bd3 e6 5. Bxf5 exf5 6. c4 c6 7. cxd5 Nxd5 8. Nc3 Na6 9. 0-0 Nac7 10. Qd3 g6 11. Bd2 Bg7 12. Nxd5 Qxd5 13. Bb4 0-0-0 14. Rfc1 Rhe8 15. Rc5 Qe4 16. Qb3 f4 17. Ng5 Qe7 18. Nxf7 fxe3 19. fxe3 Rxd4 20. Re5 Rxb4 21. Rxe7 Rxb3 22. Nd6+ Kd8 23. Rxg7 Re7 24. Rxe7 Kxe7 25. axb3 Kxd6 26. Rxa7 b5 27. Kf2 h5 28. Rxc7 1-0

[Event "Oberliga Wuerttemberg 0708"]
[Site "Wuerttemberg"]
[Date "2007.12.09"]
[Round "4.2"]
[White "Roth, Juergen Eugen"]
[Black "Dietrich, Frank"]
[Result "1-0"]
[WhiteElo "2299"]
[BlackElo "2259"]
[PlyCount "161"]
[EventDate "2007.10.07"]
[EventType "team-tourn"]
[EventRounds "9"]
[EventCountry "GER"]
[SourceTitle "EXT 2018"]
[Source "ChessBase"]
[SourceDate "2017.10.13"]
[SourceVersion "1"]
[SourceVersionDate "2017.10.13"]
[SourceQuality "1"]
[WhiteTeam "Tuebingen"]
[BlackTeam "Wolfbusch"]
[WhiteTeamCountry "GER"]
[BlackTeamCountry "GER"]

1. d4 c5 2. d5 e5 3. e4 d6 4. Nc3 g6 5. f4 Bg7 6. Nf3 Bg4 7. Bb5+ Nd7 8. 0-0 a6 9. Bxd7+ Qxd7 10. fxe5 Bxe5 11. Nxe5 dxe5 12. Qe1 Qe7 13. Qf2 f6 14. Na4 Rc8 15. Be3 c4 16. h3 Bd7 17. Bc5 Qd8 18. Nb6 Kf7 19. Nxc8 Qxc8 20. b3 f5 21. exf5 gxf5 22. Bd6 e4 23. Be5 Nf6 24. Qd4 Qd8 25. bxc4 Rg8 26. Bxf6 Qxf6 27. Qxf6+ Kxf6 28. Rab1 Bc8 29. c5 Ke5 30. Rfd1 f4 31. Kf1 f3 32. gxf3 Bxh3+ 33. Kf2 Rg2+ 34. Ke3 Rg3 35. Rg1 Rxf3+ 36. Ke2 Rc3 37. Kd2 Rxc5 38. Rxb7 Rxd5+ 39. Ke3 Bf5 40. Rg5 Ra5 41. Rf7 Ra3+ 42. Ke2 Rf3 43. c4 Rf4 44. Ke1 e3 45. c5 Ke6 46. Rf8 e2 47. Rgg8 Kd5 48. Kxe2 Bg4+ 49. Kd3 Rxf8 50. Rxf8 Kxc5 51. Rf6 Kb5 52. Rh6 Bf5+ 53. Kc3 Bg6 54. Rh4 Ka5 55. Kb3 Bf7+ 56. Ka3 Bg6 57. Rg4 Kb5 58. Rg5+ Kc6 59. Kb4 Bd3 60. Ka5 Be2 61. Re5 Bd3 62. a3 Bf1 63. Rh5 Bd3 64. Rh3 Bf1 65. Rxh7 Be2 66. Rh6+ Kc5 67. Rh2 Bd3 68. Rd2 Bf1 69. Rc2+ Kd6 70. Kb6 Kd7 71. Rd2+ Kc8 72. a4 a5 73. Rd5 Bg2 74. Rc5+ Kd8 75. Rxa5 Kc8 76. Rc5+ Kd7 77. a5 Bf3 78. a6 Ba8 79. Ka7 Be4 80. Kb8 Kd6 81. Rc1 1-0

[Event "Oberliga Wuerttemberg 0708"]
[Site "Wuerttemberg"]
[Date "2007.11.04"]
[Round "3.2"]
[White "Gheng, Josef"]
[Black "Roth, Juergen Eugen"]
[Result "0-1"]
[WhiteElo "2326"]
[BlackElo "2299"]
[PlyCount "110"]
[EventDate "2007.10.07"]
[EventType "team-tourn"]
[EventRounds "9"]
[EventCountry "GER"]
[SourceTitle "EXT 2018"]
[Source "ChessBase"]
[SourceDate "2017.10.13"]
[SourceVersion "1"]
[SourceVersionDate "2017.10.13"]
[SourceQuality "1"]
[WhiteTeam "Boeblingen"]
[BlackTeam "Tuebingen"]
[WhiteTeamCountry "GER"]
[BlackTeamCountry "GER"]

1. e4 g6 2. d4 Bg7 3. Nc3 a6 4. Be3 b5 5. a4 b4 6. Nd5 Bb7 7. Nxb4 Bxe4 8. f3 Bb7 9. c3 a5 10. Nd3 d6 11. Nh3 Nf6 12. Qd2 0-0 13. Be2 Nc6 14. 0-0 Re8 15. f4 Ne4 16. Qc2 e6 17. Bf3 Ne7 18. Rae1 f5 19. Bxe4 fxe4 20. Nc1 Nf5 21. Ng5 d5 22. Nb3 Ba6 23. Rf2 Bd3 24. Qd2 h6 25. Nh3 Bf8 26. Nc5 Bxc5 27. dxc5 Qd7 28. g4 Nxe3 29. Qxe3 Kh7 30. g5 h5 31. f5 exf5 32. Nf4 Rad8 33. Qh3 d4 34. cxd4 Qxd4 35. Nxg6 Kxg6 36. Qxf5+ Kg7 37. Qf7+ Kh8 38. Qxh5+ Kg8 39. Qf7+ Kh8 40. g6 Qg7 41. Re3 Qxf7 42. gxf7 Rf8 43. Rf4 Rd5 44. Rh3+ Kg7 45. Rg3+ Kh6 46. Rh4+ Rh5 47. Rg8 Rxh4 48. Rxf8 Rf4 49. Kg2 Kg7 50. Rg8+ Kxf7 51. Rc8 e3 52. Rxc7+ Ke8 53. c6 e2 54. Rc8+ Ke7 55. c7 Ba6 0-1

[Event "Wuerttemberg-ch MT"]
[Site "Tuebingen"]
[Date "2007.09.02"]
[Round "9"]
[White "Frick, Christoph"]
[Black "Roth, Juergen Eugen"]
[Result "1/2-1/2"]
[WhiteElo "2240"]
[BlackElo "2309"]
[PlyCount "77"]
[EventDate "2007.08.25"]
[EventType "swiss"]
[EventRounds "9"]
[EventCountry "GER"]
[SourceTitle "CBM 120 Extra"]
[Source "ChessBase"]
[SourceDate "2007.11.01"]
[SourceVersion "1"]
[SourceVersionDate "2007.11.01"]
[SourceQuality "1"]

1. Nc3 d5 2. e4 dxe4 3. Nxe4 Nf6 4. Nxf6+ exf6 5. Nf3 Nc6 6. Be2 Bd6 7. d4 0-0 8. 0-0 Bg4 9. c3 Qd7 10. Nd2 Bxe2 11. Qxe2 Rfe8 12. Qf3 Qe6 13. Rd1 f5 14. g3 Nd8 15. Nf1 Qe4 16. Nd2 Qe6 17. Kg2 c6 18. Nf1 g6 19. Bf4 Bxf4 20. Qxf4 Qf6 21. Re1 Ne6 22. Qe5 Qxe5 23. Rxe5 f6 24. Ree1 f4 25. Nd2 fxg3 26. fxg3 Rad8 27. Ne4 Kg7 28. Rad1 f5 29. Nf2 Rd6 30. Nd3 Red8 31. Ne5 Ng5 32. Nc4 R6d7 33. Re5 Nf7 34. Rc5 Re7 35. Kf1 Rde8 36. d5 cxd5 37. Rcxd5 Re2 38. R1d2 Rxd2 39. Rxd2 1/2-1/2